[Event "Online Olym Div4 D"]
[Site "Chess.com INT"]
[Date "2021.08.21"]
[Round "7.2"]
[White "Daftary, Malav"]
[Black "Bongo Ngombele, Tary"]
[Result "1-0"]
[WhiteElo "1456"]
[BlackElo "1688"]
[PlyCount "79"]
[EventDate "2021.08.20"]
[EventType "team (rapid)"]
[EventRounds "11"]
[EventCountry "USA"]
[SourceTitle "CBM 203 Extra"]
[Source "ChessBase"]
[SourceDate "2021.09.30"]
[SourceVersion "1"]
[SourceVersionDate "2021.09.30"]
[SourceQuality "1"]
[WhiteTeam "Ghana"]
[BlackTeam "Gabun"]
[WhiteTeamCountry "GHA"]
[BlackTeamCountry "GAB"]

1. e4 e5 2. Nf3 Nc6 3. Bb5 a6 4. Bxc6 bxc6 5. 0-0 d6 6. d4 exd4 7. Nxd4 Bd7 8. Nc3 g6 9. Qe2 Bg7 10. Nf3 Ne7 11. Bf4 0-0 12. e5 Re8 13. exd6 Nf5 14. dxc7 Qc8 15. Qd3 Be6 16. Rad1 Bf6 17. Ne4 Be7 18. Nfg5 h6 19. Nxe6 Qxe6 20. Rfe1 Qxa2 21. Nd6 Bxd6 22. Rxe8+ Rxe8 23. Bxd6 Qe6 24. Bb4 Ne7 25. Bxe7 Rxe7 26. h3 Qd5 27. Qxd5 cxd5 28. c8Q+ Kg7 29. Rxd5 a5 30. Qc3+ f6 31. Qxa5 Rf7 32. Qd8 h5 33. Rd7 Rxd7 34. Qxd7+ Kh6 35. b4 Kg5 36. b5 h4 37. b6 Kf4 38. b7 g5 39. b8Q+ Ke4 40. Qd3# 1-0

[Event "World Cup U18 Prel"]
[Site "Tornelo INT"]
[Date "2021.08.20"]
[Round "10"]
[White "Daftary, Malav"]
[Black "Espinoza Solano, Jose Nahum"]
[Result "1-0"]
[WhiteElo "1456"]
[BlackElo "2151"]
[PlyCount "111"]
[EventDate "2021.08.16"]
[EventType "swiss (rapid)"]
[EventRounds "10"]
[EventCountry "NET"]
[SourceTitle "CBM 203 Extra"]
[Source "ChessBase"]
[SourceDate "2021.09.30"]
[SourceVersion "1"]
[SourceVersionDate "2021.09.30"]
[SourceQuality "1"]

1. e4 e5 2. Nf3 Nc6 3. Bb5 Nf6 4. 0-0 Nxe4 5. d4 Nd6 6. Bxc6 dxc6 7. dxe5 Nf5 8. Qxd8+ Kxd8 9. Nc3 Be7 10. Rd1+ Ke8 11. Bf4 h6 12. h3 Be6 13. Ne2 Rd8 14. g4 Nh4 15. Nxh4 Bxh4 16. Nd4 Be7 17. Nxe6 fxe6 18. Kg2 Rf8 19. Be3 b6 20. f4 Rd5 21. c4 Rd8 22. Rxd8+ Bxd8 23. b4 Be7 24. a3 Kd7 25. Rd1+ Kc8 26. Kf3 g5 27. Ke4 gxf4 28. Bxf4 Bg5 29. Rf1 Kd7 30. Rf3 Rh8 31. Bg3 Ke7 32. h4 Bc1 33. Bf4 Bxf4 34. Rxf4 Rg8 35. Kf3 Rd8 36. g5 hxg5 37. hxg5 Rd3+ 38. Kg4 Rxa3 39. g6 Ra1 40. Rf7+ Ke8 41. Kg5 a5 42. Rxc7 axb4 43. g7 Rg1+ 44. Kf6 b3 45. g8Q+ Rxg8 46. Rc8+ Kd7 47. Rxg8 c5 48. Rg7+ Kc6 49. Kxe6 b5 50. cxb5+ Kxb5 51. Kd5 c4 52. Rb7+ Ka6 53. Rb8 Ka7 54. Rb4 Ka6 55. Kxc4 Ka5 56. Rxb3 1-0

[Event "World Cup U18 Prel"]
[Site "Tornelo INT"]
[Date "2021.08.20"]
[Round "9"]
[White "Nisban, Cyrus"]
[Black "Daftary, Malav"]
[Result "0-1"]
[WhiteElo "2059"]
[BlackElo "1456"]
[PlyCount "80"]
[EventDate "2021.08.16"]
[EventType "swiss (rapid)"]
[EventRounds "10"]
[EventCountry "NET"]
[SourceTitle "CBM 203 Extra"]
[Source "ChessBase"]
[SourceDate "2021.09.30"]
[SourceVersion "1"]
[SourceVersionDate "2021.09.30"]
[SourceQuality "1"]

1. d4 d5 2. Nf3 Nf6 3. c4 e6 4. Nc3 c6 5. Bg5 dxc4 6. e4 b5 7. e5 h6 8. Bh4 g5 9. Nxg5 hxg5 10. Bxg5 Nbd7 11. exf6 Bb7 12. g3 Bb4 13. Bg2 Qb6 14. 0-0 0-0-0 15. Qf3 Qxd4 16. Nxb5 Qc5 17. Nxa7+ Qxa7 18. a3 Bc5 19. Qc3 Bd4 20. Qxc4 Ne5 21. Qc2 Ng4 22. h3 Rh5 23. Bf4 Nxf6 24. Bxc6 Rc5 25. Bxb7+ Qxb7 26. Qe2 Nd5 27. Bg5 Rg8 28. h4 Qxb2 29. Qe4 Bxf2+ 30. Rxf2 Qxa1+ 31. Kg2 Qxa3 32. Rxf7 Qa2+ 33. Kh3 Re8 34. Be3 Rc2 35. Bf4 Nxf4+ 36. Qxf4 Rh2+ 37. Kg4 Rg8+ 38. Kh5 Rh8+ 39. Kg6 Qc2+ 40. Kf6 Rf2 0-1

[Event "World Cup U18 Prel"]
[Site "Tornelo INT"]
[Date "2021.08.18"]
[Round "6"]
[White "Villarreal, Agustin"]
[Black "Daftary, Malav"]
[Result "0-1"]
[WhiteElo "2143"]
[BlackElo "1456"]
[PlyCount "118"]
[EventDate "2021.08.16"]
[EventType "swiss (rapid)"]
[EventRounds "10"]
[EventCountry "NET"]
[SourceTitle "CBM 203 Extra"]
[Source "ChessBase"]
[SourceDate "2021.09.30"]
[SourceVersion "1"]
[SourceVersionDate "2021.09.30"]
[SourceQuality "1"]

1. d4 d5 2. Nf3 Nf6 3. c4 e6 4. cxd5 exd5 5. Qc2 Nc6 6. Nc3 Nb4 7. Qb3 Bf5 8. e4 Nxe4 9. a3 Nxc3 10. axb4 Qe7+ 11. Be3 Ne4 12. Ra4 c6 13. b5 Qc7 14. Be2 Be7 15. 0-0 0-0 16. Rc1 Rfb8 17. Ne5 f6 18. Nd3 Bd6 19. g3 Qd7 20. Rca1 a6 21. bxa6 bxa6 22. Qa2 Rb6 23. Nc5 Qe7 24. Nxa6 Qb7 25. Nc5 Rxa4 26. Nxa4 Rb4 27. Rc1 Bd7 28. Rc2 Ng5 29. h4 Bf5 30. Rc1 Ne6 31. Bf1 Nxd4 32. Rd1 Nf3+ 33. Kh1 Be4 34. Bg2 Bc2 35. Nc3 Bxd1 36. Nxd1 Ne5 37. Qa5 Kf7 38. h5 Qd7 39. Nc3 Rxb2 40. Qa1 Rb3 41. Ne2 Qf5 42. Qa7+ Be7 43. Ng1 Qc2 44. h6 gxh6 45. Bh3 Qg6 46. Qa8 Rb1 47. Qc8 Nf3 48. Qe6+ Kf8 49. Qc8+ Kg7 50. Kg2 Rxg1+ 51. Kxf3 Qe4+ 52. Ke2 Qc2+ 53. Kf3 Qd1+ 54. Kf4 Bd6+ 55. Kf5 Qh5+ 56. Bg5 Qxg5+ 57. Ke6 Qe5+ 58. Kd7 Qe7+ 59. Kxc6 Rc1+ 0-1

[Event "World Cup U18 Prel"]
[Site "Tornelo INT"]
[Date "2021.08.16"]
[Round "2"]
[White "Onufrienko, Vladislav"]
[Black "Daftary, Malav"]
[Result "1-0"]
[WhiteElo "1872"]
[BlackElo "1456"]
[PlyCount "87"]
[EventDate "2021.08.16"]
[EventType "swiss (rapid)"]
[EventRounds "10"]
[EventCountry "NET"]
[SourceTitle "CBM 203 Extra"]
[Source "ChessBase"]
[SourceDate "2021.09.30"]
[SourceVersion "1"]
[SourceVersionDate "2021.09.30"]
[SourceQuality "1"]

1. e4 d5 2. exd5 Nf6 3. Bb5+ Bd7 4. Bc4 c6 5. dxc6 Nxc6 6. Nf3 e6 7. 0-0 Bd6 8. d4 h6 9. Nc3 Qe7 10. Re1 0-0-0 11. Qe2 Kb8 12. Be3 g5 13. Nb5 Bf4 14. Bxf4+ gxf4 15. Ne5 a6 16. Nxc6+ Bxc6 17. Qe5+ Ka8 18. Nc7+ Ka7 19. d5 Bb5 20. Bxb5 axb5 21. Nxb5+ Ka8 22. dxe6 fxe6 23. Qxf4 Nd5 24. Qa4+ Kb8 25. Qa7+ Kc8 26. Re4 Rhg8 27. Rc4+ Kd7 28. Qxb7+ Ke8 29. Qxe7+ Nxe7 30. Re1 Kf7 31. Nc7 Rc8 32. Rc3 Nd5 33. Nxd5 exd5 34. Rxc8 Rxc8 35. c3 Rd8 36. f3 Kg7 37. Kf2 Kg6 38. Ra1 Rb8 39. Rb1 Kf5 40. Ke3 Ke5 41. a4 Rb3 42. a5 d4+ 43. Kd3 dxc3 44. Kc2 1-0